| 000 | 00371nab a22001097u 4500 | ||
|---|---|---|---|
| 008 | 130520b1991 xxu||||| |||| 00| 0 spa d | ||
| 041 | _aspa | ||
| 100 | 1 |
_aGonzález Radio, Vicente _969793 |
|
| 245 | 0 | 0 |
_aSemblanza historiográfica de Ramón Otero Pedrayo _cVicente González Radio |
| 773 | 0 |
_tReligión y Cultura _gV.37,1991,págs. 521-551 _x0212-5838 _wRev345 |
|
| 942 | _cAR | ||
| 999 |
_c398246 _d398246 |
||